Fundamentals of Python : First Programs with MindTap (Record no. 12566)

MARC details
000 -LEADER
fixed length control field 00418nam a22001697a 4500
003 - CONTROL NUMBER IDENTIFIER
control field OSt
008 - FIXED-LENGTH DATA ELEMENTS--GENERAL INFORMATION
fixed length control field 240427b |||||||| |||| 00| 0 eng d
020 ## - INTERNATIONAL STANDARD BOOK NUMBER
International Standard Book Number 9789353502898
082 ## - DEWEY DECIMAL CLASSIFICATION NUMBER
Classification number 005.133 LAF
100 ## - MAIN ENTRY--PERSONAL NAME
Personal name LAMBERT, Kenneth A.
245 ## - TITLE STATEMENT
Title Fundamentals of Python : First Programs with MindTap
250 ## - EDITION STATEMENT
Edition statement 2nd. ed.
260 ## - PUBLICATION, DISTRIBUTION, ETC. (IMPRINT)
Place of publication, distribution, etc Delhi,
Name of publisher, distributor, etc Cengage,
Date of publication, distribution, etc 2022
300 ## - PHYSICAL DESCRIPTION
Extent 476 p.
650 ## - SUBJECT ADDED ENTRY--TOPICAL TERM
Topical term or geographic name as entry element CSE
942 ## - ADDED ENTRY ELEMENTS (KOHA)
Source of classification or shelving scheme Dewey Decimal Classification
Koha item type Text Books
Holdings
Withdrawn status Lost status Source of classification or shelving scheme Damaged status Not for loan Collection code Home library Current library Date acquired Source of acquisition Currency Cost, normal purchase price Bill Number Total Checkouts Full call number Acc. no. / Barcode Date last seen Actual Cost, discounted price Bill Date Koha item type Date last borrowed
    Dewey Decimal Classification     B.Tech(CSE) PIET C-LIBRARY PIET C-LIBRARY 27/03/2024 Zafaa Books & Distributors In Rupees 549.00 ZBD0468   005.133 LAF 36821 27/04/2024 395.28 27/03/2024 Reference Books  
    Dewey Decimal Classification     B.Tech(CSE) PIET C-LIBRARY PIET C-LIBRARY 27/03/2024 Zafaa Books & Distributors In Rupees 549.00 ZBD0468 2 005.133 LAF 36822 16/05/2025 395.28 27/03/2024 Text Books 24/04/2025
    Dewey Decimal Classification     B.Tech(CSE) PIET C-LIBRARY PIET C-LIBRARY 27/03/2024 Zafaa Books & Distributors In Rupees 549.00 ZBD0468 2 005.133 LAF 36823 09/04/2025 395.28 27/03/2024 Text Books 24/03/2025
    Dewey Decimal Classification     B.Tech(CSE) PIET C-LIBRARY PIET C-LIBRARY 27/03/2024 Zafaa Books & Distributors In Rupees 549.00 ZBD0468 2 005.133 LAF 36824 15/04/2025 395.28 27/03/2024 Text Books 31/03/2025
    Dewey Decimal Classification     B.Tech(CSE) PIET C-LIBRARY PIET C-LIBRARY 27/03/2024 Zafaa Books & Distributors In Rupees 549.00 ZBD0468 1 005.133 LAF 36825 27/04/2026 395.28 27/03/2024 Text Books 21/04/2026

Design & Developed by: PIET Central Library
R70 Miles Stone Pattikalyana Samalkha Panipat 132102
mail ID :- [email protected], Phone No:- 0180-2569700 Ex.216